| 000 | 00478nam a2200181Ia 4500 | ||
|---|---|---|---|
| 005 | 20250508152128.0 | ||
| 008 | 008 250505s9999 xx 000 0 eng d | ||
| 037 | _aTextual | ||
| 040 |
_aFEDL _beng _cFEDL |
||
| 041 |
_aeng _2eng |
||
| 084 |
_a780.9, YOU _qFEDL |
||
| 100 |
_aYoung Percy M _951756 |
||
| 245 | 0 | _aStroy of song | |
| 260 |
_aLondon, UK _bMethuen and Co. Ltd. _c1956 |
||
| 300 | _a72p | ||
| 942 |
_cTEXL _h780.9, YOU |
||
| 999 |
_c1334448 _d1334448 |
||